Concordia et nova reductio antinomiarum iuris comunis, ac regii Hispaniarum... (Registro nro. 68301)

Detalles MARC
000 -ENCABEZADO
Número de control [NR] 02325nam a22002777a 4500
005 - FECHA Y HORA DE LA ÚLTIMA TRANSACCIÓN
control field 20160413080416.0
008 - DE LONGITUD FIJA DE DATOS DE ELEMENTOS - INFORMACIÓN GENERAL
Elementos de longitud fija [NR] 130419s1575||||sp |||fr|||||001|0|lat d
040 ## - FUENTE DE CATALOGACION [NR]
Quien Cataloga Sandra Yazo (modificó)
Quien Clasifica Sandra Yazo (modificó)
Idioma de catalogación [NR] spa
041 0# - CODIGO DE IDIOMA [R]
Código de idioma para texto/pista de sonido o título separado [R] Latín
082 04 - NUMERO DE CLASIFICACION DECIMAL DEWEY [R]
Número de clasificación [R] 349.46
Número de la edición [NR] 20
092 ## - SIGNATURA TOPOGRAFICA LOCAL
Número de clasificación local E03N062
100 1# - ASIENTO PRINCIPAL--NOMBRE PERSONAL [NR]
Nombre personal [NR] Martínez de Olano, Juan
ID Autoridad 30317
242 ## - TRADUCCION DEL TITULO POR LA AGENCIA CATALOGADORA [R]
Título [NR] Concordancia y nueva solución de las contradicciones entre el derecho común y el derecho del rey de España.
Parte restante del título [NR] En la que se muestran las verdaderas diferencias entre estos derechos y se explica la comprensión común de estas leyes reales, así como las interpretaciones aceptadas por los tribunales.
Mención de responsabilidad, etc. [NR] Autor Juan Martínez de Olano
Código de idioma del título traducido [NR] spa
245 10 - MENCION DE TITULO [NR]
Título [NR] Concordia et nova reductio antinomiarum iuris comunis, ac regii Hispaniarum...
Parte restante del título [NR] In qua verae horum iurium differentiae, & quamplurium legum regiarum, communiumque intellectus, & recepta praxis causarum forensium explicantur...
Mención de responsabilidad, etc. [NR] Authore Ioanne Martinez de Olano
260 ## - PUBLICACION, DISTRIBUCION, ETC. (PIE DE IMPRENTA) [R]
Lugar de publicación, distribución, etc. [R] Burgis [Burgos] (España)
Nombre del editor, distribuidor, etc. [R] Apud Philippum Iuntam [En los talleres de Felipe Junta]
Fecha de publicación, distribución, etc. [R] 1575
300 ## - DESCRIPCION FISICA [R]
Extensión [R] [16], 264 [e.i. 274] páginas
Dimensiones [R] 28 x 20 cm.
500 ## - NOTA GENERAL [R]
Nota general [NR] Detalles físicos: Encuadernación flexible en pergamino, en buen estado de conservación. Guardas, con varias anotaciones manuscritas, manchas de tinta. Portada impresa en una sola tinta, con un grabado (Escudo episcopal de Diego Covarruvias de Leiva). Privilegio real. Erratas con autor y fecha. Dedicatoria. Versos de elogio al autor. Palabra al lector. Texto impreso en dos columnas, con varios tipos y tamaños de letra. Mayúsculas capitales. Sumarios y párrafos numerados. Signaturas y reclamos. Papel con manchas de humedad y oxidación. Anotaciones marginales en pág. 48, 57. Error de impresión en última página. Conserva los cierres.
505 ## - NOTA DE CONTENIDO CON FORMATO PREESTABLECIDO [R]
Nota de contenido con formato preestablecido [NR] A (Absens = Ausente) -- V (Vsurarii = Los usureros) -- Epílogo con modificaciones a leyes de las Siete Partidas.
506 ## - NOTA DE RESTRICCIONES DE ACCESO [R]
Condiciones de acceso [NR] Consulta en sala
546 ## - NOTA DE IDIOMA [R]
Nota de idioma [NR] Texto en latín con algunas expresiones en español antiguo.
650 #7 - ASIENTO SECUNDARIO DE MATERIA - TERMINO TEMATICO [R]
Término temático o nombre geográfico como elemento de entrada [NR] Derecho antiguo
Subdivisión geográfica [R] España
Subdivisión general [R] Obras anteriores a 1800
9 (RLIN) 12707
650 #7 - ASIENTO SECUNDARIO DE MATERIA - TERMINO TEMATICO [R]
Término temático o nombre geográfico como elemento de entrada [NR] Derecho eclesiástico
Subdivisión general [R] Obras anteriores a 1800
9 (RLIN) 29561
650 #7 - ASIENTO SECUNDARIO DE MATERIA - TERMINO TEMATICO [R]
Término temático o nombre geográfico como elemento de entrada [NR] Derecho civil
Subdivisión general [R] Obras anteriores a 1800
9 (RLIN) 29560
690 ## - ASUNTO AGREGADO LOCAL DE ENTRADA - TÉRMINO TEMÁTICO (OCLC, RLIN)
Acceso temático local Derecho civil
9 (RLIN) 12711
942 ## - ELEMENTOS DE ENTRADA AGREGADOS (KOHA)
Tipo de ítem principal el descrito en 300a Libro
Edición 1
Tema principal 8
Sistema de clasificación LOCAL
Clasificación E03N062
Existencias
Suprimido Perdido Sistema de clasificación Dañado No prestable Tipo de ítem específico Ubicación habitual Ubicación actual Localización Fecha de creación Forma de adquisición Costo Total préstamos Signatura topográfica Código de barras Última vez visto Ejemplar Price effective from Tipo de ítem
    LOCAL     Libro archivo Archivo Histórico Archivo Histórico Archivo histórico 27/02/2013 Donación 0.00   E03N062 L000496 15/12/2012 Ej.1 03/02/2013 Libro